|
|
|
|
| LEADER |
00000cam a2200000 7i4500 |
| 001 |
0000002847 |
| 005 |
20240926.0 |
| 008 |
231101 si a eng |
| 020 |
|
|
|a 9971691639 (pbk)
|
| 040 |
|
|
|a INS
|b eng
|e rda
|
| 090 |
0 |
0 |
|a HD890.67.Z7
|b H6 1992
|
| 100 |
1 |
|
|a Ho, Chi Wing ,
|e author
|
| 245 |
1 |
0 |
|a Studies on the property market
|c Ho Chi Wing and Sim Loo Lee
|
| 264 |
|
1 |
|a Singapore :
|b SingaporeUniversity Press
|c 1992
|
| 300 |
|
|
|a xix, 162 pages :
|b illustrations ;
|c 23 cm.
|
| 336 |
|
|
|a text
|2 rdacontent
|
| 337 |
|
|
|a unmediated
|2 rdamedia
|
| 338 |
|
|
|a volume
|2 rdacarrier
|
| 504 |
|
|
|a Includes bibliographical references
|
| 650 |
|
0 |
|a Real estate business
|x Singapore
|
| 650 |
|
0 |
|a Real property
|x Prices
|z Singapore
|
| 700 |
1 |
|
|a Sim, Loo Lee ,
|e author
|
| 999 |
|
|
|a 0000005756
|b BOOK
|c Open Shelf
|e Default branch
|
| 999 |
|
|
|a 0000007048
|b BOOK
|c Open Shelf
|e Default branch
|